[Event "Olympiad-42"]
[Site "Baku"]
[Date "2016.09.11"]
[Round "9.3"]
[White "Becham, Khalid"]
[Black "Mapini, Otsile"]
[Result "0-1"]
[WhiteElo "2134"]
[BlackElo "1972"]
[PlyCount "128"]
[EventDate "2016.09.02"]
[EventType "team-swiss"]
[EventRounds "11"]
[EventCountry "AZE"]
[SourceTitle "CBM 175"]
[Source "ChessBase"]
[SourceDate "2016.11.10"]
[SourceVersion "1"]
[SourceVersionDate "2016.11.10"]
[SourceQuality "1"]
[WhiteTeam "Morocco"]
[BlackTeam "Botswana"]
[WhiteTeamCountry "MAR"]
[BlackTeamCountry "BOT"]

1. d4 d5 2. c4 e6 3. Nc3 c6 4. e4 dxe4 5. Nxe4 Nf6 6. Nxf6+ Qxf6 7. Nf3 Bb4+ 8. Bd2 Bxd2+ 9. Qxd2 0-0 10. Bd3 h6 11. 0-0 Nd7 12. Qe3 c5 13. dxc5 Qxb2 14. Rab1 Qf6 15. c6 bxc6 16. Qe4 g6 17. Qxc6 Rb8 18. Rxb8 Nxb8 19. Qc7 Qd8 20. Qxb8 Qxd3 21. Ne5 Qe4 22. Qc7 Ba6 23. Nd7 Qxc4 24. Qxc4 Bxc4 25. Nxf8 Bxf1 26. Nxg6 Bxg2 27. Ne7+ Kf8 28. Nc8 Bd5 29. Nxa7 Bxa2 30. Kg2 e5 31. Kg3 Be6 32. Nc6 f6 33. Kh4 Bf7 34. Kg4 Bg6 35. f3 Ke8 36. Na5 Kd7 37. Nc4 Ke6 38. Ne3 f5+ 39. Kh3 Kd6 40. Kg2 Kc5 41. h4 Kd4 42. h5 Bh7 43. Kf2 Kd3 44. Nd5 Bg8 45. Ne7 Be6 46. Ng6 Kd4 47. Ne7 Kc5 48. Kg3 Kd6 49. Ng6 Bf7 50. Kh4 Be8 51. f4 e4 52. Ne5 Kd5 53. Ng6 e3 54. Kg3 Bxg6 55. hxg6 Ke6 56. Kf3 Kf6 57. Kxe3 Kxg6 58. Kf3 Kf6 59. Ke3 Ke6 60. Kd4 Kd6 61. Kc4 h5 62. Kd4 h4 63. Ke3 Kd5 64. Kf3 Kd4 0-1

[Event "Baghdad op 4th"]
[Site "Baghdad"]
[Date "2016.03.21"]
[Round "2"]
[White "Barsov, Alexei"]
[Black "Becham, Khalid"]
[Result "1-0"]
[WhiteElo "2460"]
[BlackElo "2135"]
[PlyCount "75"]
[EventDate "2016.03.20"]
[EventType "swiss"]
[EventRounds "9"]
[EventCountry "IRQ"]
[SourceTitle "EXT 2017"]
[Source "ChessBase"]
[SourceDate "2016.10.25"]
[SourceVersion "1"]
[SourceVersionDate "2016.10.25"]
[SourceQuality "1"]

1. d4 Nf6 2. c4 e6 3. Nc3 d5 4. cxd5 Nxd5 5. Nf3 Nxc3 6. bxc3 c5 7. g3 Nc6 8. Bg2 cxd4 9. cxd4 Bb4+ 10. Bd2 Qa5 11. e3 0-0 12. 0-0 Rd8 13. Rb1 Bxd2 14. Qxd2 b6 15. Qc2 Bb7 16. Ne5 Nb4 17. Qc7 Bxg2 18. Qxf7+ Kh8 19. Kxg2 Qd5+ 20. Qf3 Qxf3+ 21. Kxf3 Rf8+ 22. Ke2 Nxa2 23. Kd3 Rfc8 24. Nc4 Rc6 25. Rb2 Nc3 26. Kxc3 Rac8 27. Rb4 a5 28. Ra4 b5 29. Rxa5 Rxc4+ 30. Kd3 b4 31. Rb5 Rc3+ 32. Ke4 b3 33. f4 Kg8 34. Rb1 Rc2 35. h4 Rg2 36. Kf3 Rcc2 37. R1xb3 g6 38. Rb8+ 1-0

[Event "Baghdad op 4th"]
[Site "Baghdad"]
[Date "2016.03.20"]
[Round "1"]
[White "Becham, Khalid"]
[Black "Rebaz, Nasir Jamal"]
[Result "1-0"]
[WhiteElo "2135"]
[BlackElo "1831"]
[PlyCount "81"]
[EventDate "2016.03.20"]
[EventType "swiss"]
[EventRounds "9"]
[EventCountry "IRQ"]
[SourceTitle "EXT 2017"]
[Source "ChessBase"]
[SourceDate "2016.10.25"]
[SourceVersion "1"]
[SourceVersionDate "2016.10.25"]
[SourceQuality "1"]

1. e4 c5 2. Nf3 d6 3. Bb5+ Bd7 4. Bxd7+ Qxd7 5. 0-0 e6 6. c3 Nc6 7. d4 cxd4 8. cxd4 d5 9. exd5 Qxd5 10. Nc3 Qd7 11. d5 exd5 12. Re1+ Nge7 13. Qxd5 Qxd5 14. Nxd5 0-0-0 15. Nxe7+ Bxe7 16. Be3 Bf6 17. Rac1 Kb8 18. Rc4 Bxb2 19. Rb1 Ka8 20. Ng5 Rd7 21. Nxf7 Rxf7 22. Rxb2 Rd7 23. h3 Rhd8 24. Kh2 h6 25. Rb5 a6 26. Rf5 Ne7 27. Rf7 Nc6 28. Rcf4 b5 29. Bb6 Ne5 30. Rxg7 Re8 31. Rxd7 Nxd7 32. Be3 Re6 33. Rh4 Kb7 34. Rxh6 Rxh6 35. Bxh6 Kc6 36. Bg7 a5 37. h4 Kd6 38. f4 b4 39. g4 a4 40. h5 Ke7 41. f5 1-0

[Event "Arab Clubs-chT"]
[Site "Agadir"]
[Date "2015.10.13"]
[Round "1.1"]
[White "Becham, Khalid"]
[Black "Amin, Bassem"]
[Result "0-1"]
[WhiteElo "2139"]
[BlackElo "2636"]
[PlyCount "63"]
[EventDate "2015.10.13"]
[EventType "team-swiss"]
[EventRounds "9"]
[EventCountry "MAR"]
[SourceTitle "CBM 170 Extra"]
[Source "ChessBase"]
[SourceDate "2016.02.25"]
[SourceVersion "1"]
[SourceVersionDate "2016.02.25"]
[SourceQuality "1"]
[WhiteTeam "Olympique Dcheira"]
[BlackTeam "Sharkia Dokhan"]
[WhiteTeamCountry "MAR"]
[BlackTeamCountry "EGY"]

1. e4 e6 2. d4 d5 3. Nc3 Bb4 4. e5 Qd7 5. Be3 b6 6. Nge2 Ba6 7. a3 Bxc3+ 8. Nxc3 Bxf1 9. Kxf1 Nc6 10. Qd3 f6 11. exf6 Nxf6 12. Re1 0-0 13. h3 e5 14. Kg1 Rae8 15. Rd1 exd4 16. Bxd4 Nxd4 17. Qxd4 c5 18. Qd3 d4 19. Ne2 Ne4 20. f3 Nd6 21. b3 Re3 22. Qd2 Nb5 23. Ng3 Qe7 24. Nf5 Rxf5 25. Rf1 h5 26. a4 h4 27. Rf2 Qe5 28. Kf1 Qg3 29. Re2 Rfxf3+ 30. Rf2 Rxf2+ 31. Qxf2 Qxf2+ 32. Kxf2 0-1

[Event "Rabat Blitz Marathon 6th"]
[Site "Rabat"]
[Date "2015.05.16"]
[Round "2"]
[White "Becham, Khalid"]
[Black "Mamedyarov, Shakhriyar"]
[Result "0-1"]
[WhiteElo "2080"]
[BlackElo "2735"]
[PlyCount "86"]
[EventDate "2015.05.16"]
[EventType "swiss (blitz)"]
[EventRounds "21"]
[EventCountry "MAR"]
[SourceTitle "CBM 166 Extra"]
[Source "ChessBase"]
[SourceDate "2015.06.18"]
[SourceVersion "1"]
[SourceVersionDate "2015.06.18"]
[SourceQuality "1"]

1. e4 c6 2. d3 d5 3. Nd2 g6 4. Ngf3 Bg7 5. g3 e5 6. c3 Ne7 7. Bg2 0-0 8. 0-0 Qc7 9. Re1 h6 10. Qe2 dxe4 11. dxe4 b6 12. Nc4 Ba6 13. b3 Nd7 14. Be3 Rad8 15. Rad1 Kh7 16. h4 Kg8 17. Rd2 f5 18. Red1 fxe4 19. Nh2 Nd5 20. Bxe4 N7f6 21. Bxg6 Nxc3 22. Qe1 Nxd1 23. Qxd1 Nd5 24. Ng4 Bxc4 25. bxc4 Nxe3 26. Nxe3 Rxd2 27. Qxd2 Qd8 28. Qc2 Qf6 29. Be4 Rd8 30. Kg2 Bf8 31. Nf5 Bc5 32. Qc1 Kf8 33. f3 Bb4 34. Qxh6+ Qxh6 35. Nxh6 Rd2+ 36. Kh3 Rxa2 37. h5 Ra1 38. Kg4 a5 39. Nf5 a4 40. h6 a3 41. h7 Rh1 42. Nh4 Kg7 43. Kg5 Rxh4 0-1

[Event "Gibraltar Challengers-B 12th"]
[Site "Caleta"]
[Date "2014.02.05"]
[Round "5"]
[White "Kvisla, Johannes Luangtep"]
[Black "Becham, Khalid"]
[Result "1-0"]
[WhiteElo "2154"]
[BlackElo "2122"]
[PlyCount "91"]
[EventDate "2014.02.01"]
[EventType "swiss"]
[EventRounds "5"]
[EventCountry "GGB"]
[SourceTitle "CBM 158 Extra"]
[Source "ChessBase"]
[SourceDate "2014.02.28"]
[SourceVersion "1"]
[SourceVersionDate "2014.02.28"]
[SourceQuality "1"]

1. d4 Nf6 2. c4 g6 3. Nc3 Bg7 4. e4 d6 5. f3 0-0 6. Bg5 Nbd7 7. Nge2 e5 8. d5 a5 9. g4 Nc5 10. Ng3 c6 11. Qd2 cxd5 12. cxd5 Qb6 13. h4 Bd7 14. h5 Rac8 15. hxg6 fxg6 16. Be3 Qb4 17. Nd1 Qa4 18. Nc3 Qb4 19. Nd1 Qxd2+ 20. Kxd2 Nxg4 21. fxg4 Rf3 22. Bxc5 Rxc5 23. Ne2 Bxg4 24. Bg2 Rf8 25. Ne3 Bd7 26. Rhf1 h5 27. Rxf8+ Bxf8 28. Ng1 Bh6 29. Bh3 Bb5 30. Nf3 Rc4 31. Rg1 Kh7 32. Ng5+ Bxg5 33. Rxg5 Rxe4 34. Rxh5+ Kg7 35. Rg5 Rd4+ 36. Ke1 Rd3 37. Rg3 Ba6 38. Nf5+ Kf6 39. Rxd3 gxf5 40. Ra3 Bc4 41. Rxa5 b5 42. Ra6 e4 43. Rxd6+ Ke5 44. Rd8 Bxd5 45. Bxf5 Bxa2 46. Bh3 1-0

[Event "Gibraltar Masters 12th"]
[Site "Caleta"]
[Date "2014.02.04"]
[Round "8"]
[White "Becham, Khalid"]
[Black "Bjorn, Lasse E"]
[Result "0-1"]
[WhiteElo "2122"]
[BlackElo "1879"]
[PlyCount "108"]
[EventDate "2014.01.28"]
[EventType "swiss"]
[EventRounds "10"]
[EventCountry "GGB"]
[SourceTitle "CBM 159"]
[Source "ChessBase"]
[SourceDate "2014.03.17"]
[SourceVersion "1"]
[SourceVersionDate "2014.03.17"]
[SourceQuality "1"]

1. e4 c5 2. Nf3 d6 3. Bb5+ Bd7 4. Bxd7+ Qxd7 5. 0-0 Nc6 6. c3 g6 7. Qe2 Bg7 8. Rd1 e5 9. Na3 Nge7 10. Nc2 f5 11. d4 fxe4 12. Qxe4 d5 13. Qe2 e4 14. Ng5 cxd4 15. Nxd4 Nxd4 16. cxd4 Nf5 17. Be3 0-0 18. Rac1 Rac8 19. Rc3 b5 20. Qd2 Rxc3 21. Qxc3 Rc8 22. Qd2 Qc6 23. g3 h6 24. Nh3 g5 25. Kg2 Qc4 26. b3 Qc2 27. Ng1 Qxd2 28. Rxd2 Rc3 29. Ne2 Nxe3+ 30. fxe3 Rxe3 31. Rc2 b4 32. Kf1 Rf3+ 33. Ke1 Rf7 34. Rc8+ Bf8 35. Rd8 Rf5 36. g4 Rf6 37. Rxd5 Ra6 38. Nc1 Bd6 39. h3 Bf4 40. Rc5 Bxc1 41. Rxc1 Rxa2 42. Rc4 a5 43. d5 e3 44. Rd4 Kf7 45. Rd3 Ra3 46. Rxe3 a4 47. Re4 Rxb3 48. d6 a3 49. d7 Rd3 50. Rxb4 Rxd7 51. Ke2 Ra7 52. Rb1 a2 53. Ra1 Ra3 54. Kf1 Ke6 0-1

[Event "Gibraltar Challengers-B 12th"]
[Site "Caleta"]
[Date "2014.02.04"]
[Round "4"]
[White "Becham, Khalid"]
[Black "Dotan, Valeria"]
[Result "1-0"]
[WhiteElo "2122"]
[BlackElo "1979"]
[PlyCount "97"]
[EventDate "2014.02.01"]
[EventType "swiss"]
[EventRounds "5"]
[EventCountry "GGB"]
[SourceTitle "CBM 158 Extra"]
[Source "ChessBase"]
[SourceDate "2014.02.28"]
[SourceVersion "1"]
[SourceVersionDate "2014.02.28"]
[SourceQuality "1"]

1. e4 c5 2. Nf3 d6 3. Bb5+ Bd7 4. Bxd7+ Qxd7 5. 0-0 g6 6. c3 Nf6 7. Qe2 Bg7 8. Rd1 Qc6 9. e5 dxe5 10. Nxe5 Qc7 11. d4 Nfd7 12. Bf4 Nxe5 13. dxe5 0-0 14. Nd2 Nc6 15. Nf3 b6 16. Qe3 e6 17. Rd6 Rad8 18. Rad1 Rxd6 19. exd6 Qd7 20. Bh6 f6 21. Bxg7 Kxg7 22. h4 h5 23. Qd2 Rc8 24. Qd3 Nd8 25. Nd2 Nf7 26. Ne4 Ne5 27. Qg3 Nf7 28. Qf4 f5 29. Ng5 e5 30. Qe3 Re8 31. Nxf7 Kxf7 32. Qh6 Rg8 33. Rd5 Ke6 34. c4 Qg7 35. Qd2 Rd8 36. b4 Rd7 37. a4 Qf6 38. g3 e4 39. bxc5 bxc5 40. Qa5 Rxd6 41. Qxc5 Rxd5 42. cxd5+ Kd7 43. Qxa7+ Kd8 44. Qa5+ Kc8 45. Qc5+ Kd8 46. d6 Qa1+ 47. Kg2 Qg7 48. a5 Qb7 49. a6 1-0

[Event "Gibraltar Masters 12th"]
[Site "Caleta"]
[Date "2014.02.02"]
[Round "6"]
[White "Becham, Khalid"]
[Black "Othman, Mustapha"]
[Result "1-0"]
[WhiteElo "2122"]
[BlackElo "1905"]
[PlyCount "91"]
[EventDate "2014.01.28"]
[EventType "swiss"]
[EventRounds "10"]
[EventCountry "GGB"]
[SourceTitle "CBM 159"]
[Source "ChessBase"]
[SourceDate "2014.03.17"]
[SourceVersion "1"]
[SourceVersionDate "2014.03.17"]
[SourceQuality "1"]

1. c4 Nf6 2. Nc3 g6 3. d4 d5 4. cxd5 Nxd5 5. e4 Nxc3 6. bxc3 Bg7 7. Be3 c5 8. Bc4 Nc6 9. Ne2 cxd4 10. cxd4 Qa5+ 11. Qd2 Qxd2+ 12. Kxd2 0-0 13. Rab1 Rd8 14. Bd5 e6 15. Bxc6 bxc6 16. Rhc1 Rd6 17. Ke1 e5 18. dxe5 Bxe5 19. f4 Rd3 20. Kf2 Bg7 21. Rxc6 Ra3 22. Nc1 Be6 23. Rb7 Bc3 24. h3 h5 25. Rcc7 a6 26. g4 hxg4 27. hxg4 Ba5 28. Re7 Rd8 29. f5 gxf5 30. gxf5 Bc4 31. Rb2 Rd1 32. Nb3 Be1+ 33. Kf3 Rd3 34. Rb7 Bc3 35. Rg2+ Kh7 36. Kf4 Bg7 37. Bc5 Ra4 38. Rh2+ Bh6+ 39. Ke5 Rd8 40. Rb6 Kg7 41. Rbxh6 f6+ 42. Kf4 Bg8 43. Rg6+ Kf7 44. Rhg2 Rd1 45. Rg7+ Ke8 46. Re7+ 1-0

[Event "Gibraltar Masters 12th"]
[Site "Caleta"]
[Date "2014.01.29"]
[Round "2"]
[White "Becham, Khalid"]
[Black "Bauer, Dieter"]
[Result "1-0"]
[WhiteElo "2122"]
[BlackElo "1727"]
[PlyCount "29"]
[EventDate "2014.01.28"]
[EventType "swiss"]
[EventRounds "10"]
[EventCountry "GGB"]
[SourceTitle "CBM 159"]
[Source "ChessBase"]
[SourceDate "2014.03.17"]
[SourceVersion "1"]
[SourceVersionDate "2014.03.17"]
[SourceQuality "1"]

1. e4 g6 2. d4 c6 3. c4 Bg7 4. Nc3 d6 5. h3 e5 6. Nf3 Qe7 7. b3 exd4 8. Nxd4 a5 9. Be2 Nf6 10. Bf3 Nbd7 11. 0-0 0-0 12. Ba3 Nh5 13. Bxh5 gxh5 14. Nf5 Qg5 15. f4 1-0

[Event "Gibraltar Challengers-A 12th"]
[Site "Caleta"]
[Date "2014.01.28"]
[Round "2"]
[White "Mihajlov, Sebastian"]
[Black "Becham, Khalid"]
[Result "1/2-1/2"]
[WhiteElo "2185"]
[BlackElo "2122"]
[PlyCount "73"]
[EventDate "2014.01.27"]
[EventType "swiss"]
[EventRounds "5"]
[EventCountry "GGB"]
[SourceTitle "CBM 158 Extra"]
[Source "ChessBase"]
[SourceDate "2014.02.28"]
[SourceVersion "1"]
[SourceVersionDate "2014.02.28"]
[SourceQuality "1"]

1. d4 d5 2. c4 c6 3. Nf3 Nf6 4. Nc3 dxc4 5. a4 Bf5 6. Ne5 e6 7. f3 Bb4 8. e4 Bxe4 9. fxe4 Nxe4 10. Bd2 Qxd4 11. Nxe4 Qxe4+ 12. Qe2 Bxd2+ 13. Kxd2 Qd4+ 14. Kc2 Na6 15. Rd1 Nb4+ 16. Kb1 Nd3 17. Nxc4 Qxc4 18. Qxd3 Qxd3+ 19. Rxd3 Rd8 20. Rxd8+ Kxd8 21. Be2 Ke7 22. Kc2 Rd8 23. Rd1 Rd5 24. b4 Re5 25. Bf3 a6 26. Rd4 g5 27. Kd3 f5 28. h3 Re1 29. Kd2 Ra1 30. Bd1 e5 31. Rd3 h5 32. g3 e4 33. Re3 Rb1 34. Rb3 Ra1 35. Re3 Rb1 36. Rb3 Ra1 37. Re3 1/2-1/2

[Event "Gibraltar Masters 11th"]
[Site "Caleta"]
[Date "2013.01.29"]
[Round "8"]
[White "Tscharotschkin, Michael"]
[Black "Becham, Khalid"]
[Result "1-0"]
[WhiteElo "2200"]
[BlackElo "1929"]
[PlyCount "66"]
[EventDate "2013.01.22"]
[EventType "swiss"]
[EventRounds "10"]
[EventCountry "GGB"]
[SourceTitle "CBM 153"]
[Source "ChessBase"]
[SourceDate "2013.03.14"]
[SourceVersion "1"]
[SourceVersionDate "2013.03.14"]
[SourceQuality "1"]

1. d4 Nf6 2. Nf3 g6 3. c4 Bg7 4. Nc3 0-0 5. e4 d6 6. Be2 e5 7. d5 Nbd7 8. Be3 Kh8 9. 0-0 Ng8 10. Qd2 f5 11. Bg5 Bf6 12. exf5 gxf5 13. b4 Rf7 14. Bxf6+ Ndxf6 15. Ng5 Rg7 16. f4 e4 17. Nb5 h6 18. Ne6 Bxe6 19. dxe6 Ne7 20. Qc3 Ng6 21. Qh3 Ng8 22. Nd4 Nh4 23. Nxf5 Rxg2+ 24. Kh1 Rxe2 25. Nxh4 Qf6 26. f5 Kh7 27. Ng6 Re8 28. Nf4 Rf2 29. Nh5 Qb2 30. Rxf2 Qxa1+ 31. Rf1 Qe5 32. f6 Rf8 33. Qg4 Qg5 1-0